<?xml version="1.0" encoding="UTF-8"?>
<marc:record xmlns:marc="http://www.loc.gov/MARC21/slim">
   <marc:leader>00000nam a2200000 a 4500</marc:leader>
   <marc:datafield ind1="1" ind2=" " tag="100">
      <marc:subfield code="a">Fontane, Theodor</marc:subfield>
      <marc:subfield code="4">aut</marc:subfield>
      <marc:subfield code="e">Verfasser/-in</marc:subfield>
   </marc:datafield>
   <marc:datafield ind1=" " ind2=" " tag="653">
      <marc:subfield code="a">Ehebruch</marc:subfield>
   </marc:datafield>
   <marc:datafield ind1=" " ind2=" " tag="653">
      <marc:subfield code="a">Adel</marc:subfield>
   </marc:datafield>
   <marc:datafield ind1=" " ind2=" " tag="653">
      <marc:subfield code="a">Preußen</marc:subfield>
   </marc:datafield>
   <marc:datafield ind1="0" ind2="0" tag="245">
      <marc:subfield code="a">Effi Briest</marc:subfield>
   </marc:datafield>
   <marc:datafield ind1=" " ind2="1" tag="264">
      <marc:subfield code="b">Coppenrath</marc:subfield>
      <marc:subfield code="c">2021</marc:subfield>
   </marc:datafield>
   <marc:datafield ind1="1" ind2=" " tag="520">
      <marc:subfield code="a">Effi, die einzige Tochter des Landadeligen Briest, wächst zu einer fantasievollen und lebhaften jungen Frau heran. Ohne großes Nachdenken willigt sie in die Ehe mit Baron Imstetten ein und folgt ihm in die Provinz. Doch von ihrem Mann vernachlässigt, fühlt sie sich rasch einsam und unwohl. So lässt sie sich schließlich auf eine Affäre ein. Jahre später, der Fehltritt liegt weit zurück, entfachen alte Briefe ein Drama, das nicht mehr aufzuhalten ist.</marc:subfield>
   </marc:datafield>
   <marc:datafield ind1=" " ind2=" " tag="020">
      <marc:subfield code="a">9783649638223</marc:subfield>
      <marc:subfield code="9">9783649638223</marc:subfield>
   </marc:datafield>
</marc:record>
